Catálogo

EVALUACION Y JUICIO DEL AUDITOR EN RELACION CON EL : (Registro nro. 3493)

Detalles MARC
000 -LEADER
fixed length control field 00590nam a2200193 a 4500
001 - CONTROL NUMBER
control field 3493
005 - DATE AND TIME OF LATEST TRANSACTION
control field 20180713183423.0
008 - FIXED-LENGTH DATA ELEMENTS--GENERAL INFORMATION
fixed length control field 140415s1989 000 0 spa d
020 ## - INTERNATIONAL STANDARD BOOK NUMBER
International Standard Book Number 9686037322
041 ## - LANGUAGE CODE
Language code of text/sound track or separate title spa
082 ## - DEWEY DECIMAL CLASSIFICATION NUMBER
Classification number 657.45
Item number MOC
100 1# - MAIN ENTRY--PERSONAL NAME
Personal name MOCK, THEODORE J.
245 10 - TITLE STATEMENT
Title EVALUACION Y JUICIO DEL AUDITOR EN RELACION CON EL :
Remainder of title CONTROL INTERNO CONTABLE
260 ## - PUBLICATION, DISTRIBUTION, ETC.
Place of publication, distribution, etc. [s.l.] :
Name of publisher, distributor, etc. INSTITUTO MEXICANO DE CONTADORES PUBLICOS,
Date of publication, distribution, etc. 1989
300 ## - PHYSICAL DESCRIPTION
Extent 212
650 14 - SUBJECT ADDED ENTRY--TOPICAL TERM
Topical term or geographic name entry element AUDITORIA
700 1# - ADDED ENTRY--PERSONAL NAME
Personal name NAVARRETE DE RICOSSA, IVONNE
Relator term tr.
700 1# - ADDED ENTRY--PERSONAL NAME
Personal name TURNER, JERRY L.
Relator term coaut.
Existencias
Withdrawn status Lost status Source of classification or shelving scheme Damaged status Not for loan Collection code Home library Current library Shelving location Date acquired Source of acquisition Inventory number Total Checkouts Full call number Barcode Date last seen Price effective from Koha item type
    Dewey Decimal Classification     General Biblioteca Karol Wojtyla Biblioteca Karol Wojtyla Sala general 03/12/2013 Compra 151000000000000000021110   657.45 MOC 14635 05/01/2026 03/12/2013 Libro
    Dewey Decimal Classification     General Biblioteca Karol Wojtyla Biblioteca Karol Wojtyla Sala general 03/12/2013 Compra 151000000000000000021114   657.45 MOC 14639 05/01/2026 03/12/2013 Libro
    Dewey Decimal Classification     General Biblioteca Karol Wojtyla Biblioteca Karol Wojtyla Sala general 03/12/2013 Compra 151000000000000000021109   657.45 MOC 14634 05/01/2026 03/12/2013 Libro
    Dewey Decimal Classification     General Biblioteca Karol Wojtyla Biblioteca Karol Wojtyla Sala general 03/12/2013 Compra 151000000000000000021115   657.45 MOC 33549 05/01/2026 03/12/2013 Libro
    Dewey Decimal Classification     General Biblioteca Karol Wojtyla Biblioteca Karol Wojtyla Sala general 03/12/2013 Compra 151000000000000000021113   657.45 MOC 14638 05/01/2026 03/12/2013 Libro
    Dewey Decimal Classification     General Biblioteca Karol Wojtyla Biblioteca Karol Wojtyla Sala general 03/12/2013 Compra 151000000000000000021111   657.45 MOC 14636 05/01/2026 03/12/2013 Libro
    Dewey Decimal Classification     General Biblioteca Karol Wojtyla Biblioteca Karol Wojtyla Sala general 03/12/2013 Compra 151000000000000000021112   657.45 MOC 14637 05/01/2026 03/12/2013 Libro